LEADER 01336nam--2200373---45-- 001 990002664300203316 005 20060113101130.0 010 $a88-7689-137-4 035 $a000266430 035 $aUSA01000266430 035 $a(ALEPH)000266430USA01 035 $a000266430 100 $a20050927d1998----u0ITAita030506ba-ba 101 $aita 102 $aIT 105 $aa|||||||001yy 200 1 $aTetti campani$eetą arcaica$eCuma, Pitecusa e gli altri contesti$fCarlo Rescigno 210 $aRoma$cG. Bretschneider$d1998 215 $a414 p., [33] c. di tav.$cill.$d30 cm 225 $aPubblicazioni scientifiche del Centro di studi della Magna Grecia dell'Universitą degli studi di Napoli Federico 2.$h3. Ser.$v4 410 0$12001$aPubblicazioni scientifiche del Centro di studi della Magna Grecia dell'Universitą degli studi di Napoli Federico 2.$h3. Ser.$v4 606 $aTegole$yCampania$zSec. 7.-6. a.C. 676 $a691.4 700 $aRESCIGNO,$bCarlo$0591681 801 $aIT$bUNPD 912 $a990002664300203316 951 $aXI.4.B. 64(X B 804)$b179069 L.M.$cX B$d00181544 959 $aBK 969 $aUMA 979 $aVITALE$b90$c20050927$lUSA01$h1807 979 $aPATRY$b90$c20051003$lUSA01$h1149 979 $aCOPAT5$b90$c20060113$lUSA01$h1011 996 $aTetti campani$91004454 997 $aUNISA LEADER 02931nam 22007094a 450 001 9910143295503321 005 20230829010446.0 010 $a1-280-93261-9 010 $a9786610932610 010 $a0-470-76438-4 010 $a0-470-69101-8 010 $a1-4051-7861-2 035 $a(CKB)1000000000341806 035 $a(EBL)306554 035 $a(OCoLC)437186569 035 $a(SSID)ssj0000305782 035 $a(PQKBManifestationID)11274801 035 $a(PQKBTitleCode)TC0000305782 035 $a(PQKBWorkID)10293604 035 $a(PQKB)10170710 035 $a(MiAaPQ)EBC306554 035 $a(Au-PeEL)EBL306554 035 $a(CaPaEBR)ebr10182261 035 $a(CaONFJC)MIL93261 035 $a(EXLCZ)991000000000341806 100 $a20060518d2006 uy 0 101 0 $aeng 135 $aur|n|---||||| 181 $ctxt 182 $cc 183 $acr 200 10$aPermission to steal$b[electronic resource] $erevealing the roots of corporate scandal : an address to my fellow citizens /$fLisa H. Newton 210 $aMalden, MA ;$aOxford $cBlackwell Pub.$d2006 215 $a1 online resource (116 p.) 225 1 $aBlackwell public philosophy 300 $aDescription based upon print version of record. 311 $a1-4051-4540-4 311 $a1-4051-4539-0 320 $aIncludes bibliographical references (p. 101-102) and index. 327 $aIntroduction: The stories -- The world, the flesh, and the devil -- The lethal marriage of ideology and opportunity -- Humility and hope. 330 $aCiting recent examples including Enron, Arthur Andersen, and WorldCom, Permission to Steal explores what went wrong and advocates a universal reassessment of what is considered "good" in corporate America. A fascinating exploration of the recent corporate scandals which have rocked the global business community. Written with sharp and compelling style, suitable for students, professionals, and general readers. Companion website offers discussion points for the book as well as an up-to-date chronology of ongoing corporate scandals. 410 0$aBlackwell public philosophy. 606 $aWhite collar crimes$zUnited States 606 $aCorporations$xCorrupt practices$zUnited States 606 $aCorporations$xMoral and ethical aspects 606 $aCorporate culture$xMoral and ethical aspects 606 $aBusiness ethics$zUnited States 615 0$aWhite collar crimes 615 0$aCorporations$xCorrupt practices 615 0$aCorporations$xMoral and ethical aspects. 615 0$aCorporate culture$xMoral and ethical aspects. 615 0$aBusiness ethics 676 $a364.16/80973 686 $a85.00$2bcl 700 $aNewton$b Lisa H.$f1939-$0905772 801 0$bMiAaPQ 801 1$bMiAaPQ 801 2$bMiAaPQ 906 $aBOOK 912 $a9910143295503321 996 $aPermission to steal$92159548 997 $aUNINA